[Event "Roncana op-C 11th"]
[Site "Santa Eulalia de Roncana"]
[Date "2017.11.11"]
[Round "7.6"]
[White "Guerrero Moreno, Ainoha"]
[Black "Calvino Cueto, Alvaro"]
[Result "1-0"]
[WhiteElo "1672"]
[BlackElo "1312"]
[PlyCount "123"]
[EventDate "2017.09.23"]
[EventType "swiss"]
[EventRounds "8"]
[EventCountry "ESP"]
[SourceTitle "EXT 2024"]
[Source "ChessBase"]
[SourceDate "2023.10.10"]
[SourceVersion "1"]
[SourceVersionDate "2023.10.10"]
[SourceQuality "1"]

1. e4 e5 2. Nf3 Nf6 3. Nxe5 Qe7 4. Nf3 Nxe4 5. Qe2 d6 6. h3 a6 7. d3 Bf5 8. dxe4 Bxe4 9. Nc3 f5 10. Ng5 h6 11. Ngxe4 fxe4 12. Qxe4 Nc6 13. Qxe7+ Bxe7 14. Nd5 Bd8 15. Bd2 Rf8 16. Nb4 Nd4 17. Bc3 Rf4 18. Bxd4 Rxd4 19. c3 Re4+ 20. Kd2 Bg5+ 21. Kc2 c5 22. Nd5 Rc8 23. Bd3 Re5 24. Rae1 c4 25. Rxe5+ dxe5 26. Bg6+ Kf8 27. Re1 Bf6 28. Nxf6 gxf6 29. Be4 Rb8 30. a4 b5 31. a5 b4 32. Bd5 b3+ 33. Kc1 Rc8 34. Bb7 Rc5 35. Bxa6 h5 36. Kd2 Rd5+ 37. Ke3 f5 38. Bxc4 f4+ 39. Ke4 Rxa5 40. Bxb3 Rc5 41. Bd5 Rc7 42. c4 h4 43. Kf5 Rg7 44. c5 Rd7 45. Rxe5 f3 46. Bxf3 Rf7+ 47. Ke4 Rf6 48. Rf5 Rf7 49. Rxf7+ Kxf7 50. c6 Ke7 51. b4 Kd6 52. b5 Kc7 53. g4 Kb6 54. g5 Kxb5 55. c7 Kc4 56. c8Q+ Kb3 57. Kd4 Ka2 58. Qb7 Ka1 59. Kc3 Ka2 60. Qb8 Ka1 61. Kc2 Ka2 62. Qa8# 1-0